Las misiones jesuitas entre los Chiquitanos
Gespeichert in:
| 1. Verfasser: | |
|---|---|
| Format: | Buch |
| Sprache: | Spanisch |
| Veröffentlicht: |
Buenos Aires
Fundación para la Educación, la Ciencia y la Cultura
1979
|
| Schlagworte: | |
| Tags: |
Tag hinzufügen
Keine Tags, Fügen Sie den ersten Tag hinzu!
|
MARC
| LEADER | 00000nam a2200000 a 4500 | ||
|---|---|---|---|
| 001 | UCV8048 | ||
| 003 | CL-VaPUC | ||
| 008 | 900425e19790000AG |||||||||||||||||spa|d | ||
| 082 | 0 | 4 | |a 989.202 |b HOF |2 21 |
| 100 | |a Hoffmann, Werner |e author |9 317186 | ||
| 245 | 1 | 4 | |a Las misiones jesuitas entre los Chiquitanos |
| 300 | |a 202 p | ||
| 942 | |c BK | ||
| 945 | |d 19900425 00:00:00 | ||
| 260 | |a Buenos Aires |b Fundación para la Educación, la Ciencia y la Cultura |c 1979 | ||
| 650 | 7 | |a INDIOS DE PARAGUAY |2 CL-VaPUC |9 265977 | |
| 650 | 7 | |a MISIONES CATOLICAS |2 CL-VaPUC |9 265978 | |
| 650 | 7 | |a CHIQUITOS |2 CL-VaPUC |9 265979 | |
| 651 | 0 | |a América Latina |9 255027 | |
| 583 | |a last modification |c 19900425 00:00:00 |k Rodrigo Vera | ||
| 999 | |c 213635 |d 213633 | ||
| 952 | |0 0 |1 0 |4 0 |6 989_202000000000000_HOF_1979 |7 0 |8 A |9 196193 |a BIBARQ |b BIBARQ |d 2019-11-14 |i 2641127 |o 989.202 HOF 1979 |p 2641127 |r 2025-01-20 |w 2019-11-14 |y BK |k ARQ | ||